I Colori italiani - Statistics

Estatísticas Gerais
  • Esse quiz foi jogado 87 vezes
  • A pontuação média é 7 de 12
Estatísticas das Respostas
Português Italiano % Correto
branco bianco
82%
vermelho rosso
79%
verde verde
79%
preto nero
76%
cor de rosa rosa
63%
amarelo giallo
61%
azul claro Blu
60%
marron marrone
47%
violeta viola
47%
cinza grigio
39%
arancia arancione
32%
azul escuro azurro
32%
Nenhum quiz correspondente encontrado
Distribuição das Pontuações
Porcentagem de Pessoas com Cada Pontuação
Percentil de Números Respondidos
Sua Pontuação Histórica
Você não jogou esse quiz